000 00287nam a22001337a 4500
003 SGT
082 _a370
_bT07S
100 _aSINGH, M.S.
245 _aTEACHER EDUCATION IN DILEMMA
260 _aNEW DELHI
_bADHYAYAN PUB
_c2007
300 _a148
650 _aEDUCATION
942 _2ddc
_cBK
999 _c12324
_d12324